Sports Quiz

Random Sports or Cricket Quiz
Score 0/30 Timer 06:00
11 Plays Today
% Correct
Athens (1896)
86.1%
London (1908)
78.1%
England (1877)
77.5%
Roger Federer (2009)
76.1%
Paris (1900)
71.5%
Australia (1877)
70.8%
Green Bay Packers (1967)
70.8%
Green Bay Packers (1968)
70.8%
West Germany (1972)
65.7%
Serena Williams (2012)
65.5%
New Zealand (1930)
63.7%
Spain (1964)
63.4%
Italy (1968)
61.8%
Long jump
59.9%
High jump
58%
% Correct
New York Jets (1969)
57.1%
100 meters
57%
Shot put
50.8%
South Africa (1889)
48.4%
Soviet Union (1960)
47.1%
Steffi Graf (1994)
46.8%
Kansas City Chiefs (1970)
45.2%
Baltimore Colts (1971)
43.2%
Martina Navratilova (1986)
43.2%
400 meters
40.5%
West Indies (1928)
35.5%
St. Louis (1904)
34%
Czechoslovakia (1976)
28.4%
Chris Evert (1983)
28.2%
Stockholm (1912)
27.4%
Remove Ads.
Support Sporcle.
Get the best of Sporcle when you Go Orange. This ad-free experience offers more features, more stats, and more fun while also helping to support Sporcle. Thank you for becoming a member.

You're not logged in!

Compare scores with friends on all Sporcle quizzes.
OR
Log In

Show Comments

Extras

Top Quizzes Today


Score Distribution

Your Account Isn't Verified!

In order to create a playlist on Sporcle, you need to verify the email address you used during registration. Go to your Sporcle Settings to finish the process.

Report this User

Report this user for behavior that violates our Community Guidelines.

Details: